Understanding media psychology

Saved in:
Bibliographic Details
Main Authors Stever, Gayle (Author), Giles, David, 1964- (Author), Cohen, J. David, 1976- (Author), Myers, Mary E. (Author)
Format Book
LanguageEnglish
Published New York ; London : Routledge, Taylor & Francis Group, 2026
EditionSecond edition
Subjects
ISBN978-1-032-79106-7
Physical Descriptionxiv, 407 stran : ilustrace ; 25 cm

Cover

LEADER 00000nam a2200000 i 4500
001 115575
003 CZ ZlUTB
005 20260504144328.0
007 ta
008 260504s2026 xxua e p 001 0 eng d
020 |a 978-1-032-79106-7  |q (brožováno) 
040 |a ZLD002  |b cze  |e rda 
044 |a xxu  |a xxk 
072 7 |a 159.9  |x Psychologie  |2 Konspekt  |9 17 
072 7 |a 37.016  |x Učební osnovy. Vyučovací předměty. Učebnice  |2 Konspekt  |9 22 
080 |a 659.3  |2 MRF 
080 |a 304  |2 MRF 
080 |a 316.774  |2 MRF 
080 |a 159.9  |2 MRF 
080 |a 159.98:316.774  |2 MRF 
080 |a 159.9-022.211  |2 MRF 
080 |a (075)  |2 MRF 
100 1 |a Stever, Gayle  |4 aut 
245 1 0 |a Understanding media psychology /  |c Gayle S. Stever, David C. Giles, J. David Cohen, and Mary E. Myers 
250 |a Second edition 
264 1 |a New York ;  |a London :  |b Routledge, Taylor & Francis Group,  |c 2026 
300 |a xiv, 407 stran :  |b ilustrace ;  |c 25 cm 
336 |a text  |b txt  |2 rdacontent 
337 |a bez média  |b n  |2 rdamedia 
338 |a svazek  |b nc  |2 rdacarrier 
504 |a Obsahuje bibliografie, bibliografické odkazy a rejstřík 
650 0 7 |a masmédia  |7 ph115233  |x sociální aspekty  |2 czenas 
650 0 7 |a média  |x psychologické aspekty  |2 czenas 
650 0 7 |a psychologie médií  |7 ph608677  |2 czenas 
650 0 7 |a pozitivní psychologie  |7 ph214679  |2 czenas 
650 0 9 |a mass media  |x social aspects  |2 eczenas 
650 0 9 |a media  |x psychological aspects  |2 eczenas 
650 0 9 |a media psychology  |2 eczenas 
650 0 9 |a positive psychology  |2 eczenas 
655 7 |a učebnice  |7 fd133770  |2 czenas 
655 9 |a textbooks  |2 eczenas 
700 1 |a Giles, David,  |d 1964-  |7 jcu2012697285  |4 aut 
700 1 |a Cohen, J. David,  |d 1976-  |4 aut 
700 1 |a Myers, Mary E.,  |4 aut 
710 2 |a Routledge (firma)  |7 xx0342426  |4 pbl 
710 2 |a Taylor & Francis  |7 kn20091109006  |4 pbl 
910 |a ZLD002 
928 9 |a Taylor & Francis Group 
942 |2 udc 
952 |0 0  |1 0  |4 0  |5 0  |6 15STEVERG  |7 -1  |8 BOOK  |9 190975  |a UTBZL  |b UTBZL  |c 005  |d 2026-05-04  |l 0  |o 15/STEVER,G.  |p 420010202066  |r 2026-05-04 14:44:06  |v 924.00  |w 2026-05-04  |x N:nákup  |y 01 
992 |a BK  |b SKNEW 
999 |c 115575  |d 115575